Hirtenbrief über die den augsburgischen und helvetischen Religionsverwandten, dann den nicht unirten Griechen gestattete christliche Toleranz. Hinausgegeben im Jahre 1782. an die gesamte Bisßthum Gurkische Geistlichkeit

Hlavní autor: Auersperg, Joseph Franz Anton von
Další autoři: Pichler, Joseph notář pasovského biskupa
Jazyk: Němčina
Vydáno: Klagenfurt : gedruckt bey Ignatz Aloys Kleinmayer, 1782
Témata:
Fyzický popis: 29 s. ; 8°
Knihy
Uloženo v:
LEADER 01662nam a2200397 a 4500
001 mzk03001196861
003 CZ BrMZK
005 20140221075933.0
007 ta
008 140217s1782 gw f |||| 0 ger d
040 |a BOA001  |b cze 
072 7 |a 27-1/-2  |x Křesťanská teologie. Dogmatická teologie  |2 Konspekt  |9 5 
072 7 |a 094  |x Staré tisky  |2 Konspekt  |9 12 
080 |a 27-282.3  |2 MRF 
080 |a 025.171  |2 MRF 
080 |a (0.068)094  |2 MRF 
100 1 |a Auersperg, Joseph Franz Anton von  |4 aut 
245 1 0 |a Hirtenbrief über die den augsburgischen und helvetischen Religionsverwandten, dann den nicht unirten Griechen gestattete christliche Toleranz. Hinausgegeben im Jahre 1782. an die gesamte Bisßthum Gurkische Geistlichkeit 
260 |a Klagenfurt :  |b gedruckt bey Ignatz Aloys Kleinmayer,  |c 1782 
300 |a 29 s. ;  |c 8° 
500 |a Výzdoba: Na titulním listu nad impresem rytina, vlys, iniciály, linky, koncová viněta 
501 |a Přívazek 3 k: Katholische Betrachtungen über das Circularschreiben 
650 7 |a augsburská konfese  |7 ph138756  |2 czenas 
650 7 |a historické knihovní fondy  |7 ph172933  |2 czenas 
655 7 |a staré tisky  |7 fd422076  |2 czenas 
700 1 |a Pichler, Joseph  |c notář pasovského biskupa  |4 aut 
903 |a RP 
910 |e BOE950  |c R - K. II. a. 25,přív.3 
978 |b Kleinmayr, Josef Ignaz Alois  |a Klagenfurt  |c 1782 
984 |a Klagenfurt  |b Německo 
985 |a 1751-1800 
990 |a BK 
996 |e BOE950  |c R - K. II. a. 25,přív.3 
980 |p CN.14751 
991 |k rajhrad 
994 |a UP  |l MZK03  |b 001196855  |m přívazek 3  |n záznam 1. díla (pro objednání pokračujte kliknutím)